Deglobalization : ideas for a new world economy

Bibliographic Details
Main Author: BELLO
Format: Book
Published: London; New York : ZED Books , 2002
Series:Global issues
Subjects:

MARC

LEADER 00000cam a2200000 7i4500
001 0000003076
005 20040514.0
020 0 0 |a 1842773054 
090 0 0 |a 337   |b BEL 2002 
100 1 0 |a BELLO   |h Walden F. 
245 1 0 |a Deglobalization : ideas for a new world economy   |c Walden Bello 
260 0 0 |a London; New York :   |b ZED Books ,   |c 2002 
300 |a x, 132 p. ;   |c 20 cm. 
440 0 0 |a Global issues 
500 0 0 |a Includes bibliographical references and index 
650 0 0 |a Developing countries   |x Foreign economic relations 
650 0 0 |a Globalization   |x Economic aspects 
650 0 0 |a Globalization   |x Economic aspects   |x Developing countries 
650 0 0 |a International agencies   |x Developing countries 
998 |a JPSM 
999 |a 0000005505   |b Monograph   |c Open Shelf   |e Default branch